| 000 | 00417nam a2200157 a 4500 | ||
|---|---|---|---|
| 005 | 20140412111414.0 | ||
| 008 | 070703s19uu xx 00 eng d | ||
| 020 | _a0-307-98290-4 | ||
| 050 |
_aER _bRa11 1998 |
||
| 100 | _aOnish, Liane | ||
| 245 |
_aFairytale theater / : _cLiane B. Onish. _bRapunzel / |
||
| 260 |
_aNew York : _bDisney Interprises, _c1998. |
||
| 300 | _aunp. | ||
| 440 | _aDisney | ||
| 999 |
_c105752 _d105752 |
||